La aportación de IMS Learning Design a la creación de recursos pedagógicos reutilizables (Record no. 193452)
[ view plain ]
| 000 -CABECERA | |
|---|---|
| campo de control de longitud fija | 01665cab a2200289 ab4500 |
| 005 - FECHA Y HORA DE LA ÚLTIMA TRANSACCIÓN | |
| campo de control | 20240209123625.0 |
| 008 - ELEMENTOS DE LONGITUD FIJA--INFORMACIÓN GENERAL | |
| campo de control de longitud fija | 991125c2016 sp fr p o 000 0 spa d |
| 035 ## - NÚMERO DE CONTROL DEL SISTEMA | |
| Número de control de sistema | UPN01000221355 |
| 040 ## - FUENTE DE LA CATALOGACIÓN | |
| Centro catalogador/agencia de origen | MX-MxUPN |
| Lengua de catalogación | spa |
| Centro/agencia transcriptor | MX-MxUPN |
| Normas de descripción | aacr2 |
| 049 ## - COLECCIÓN | |
| Colección | ART-E |
| 100 1# - ASIENTO PRINCIPAL--NOMBRE PERSONAL | |
| Nombre de persona | Griffiths, David |
| 100 1# - ASIENTO PRINCIPAL--NOMBRE PERSONAL | |
| Filiación | d.e.griffiths@bolton.ac.u |
| 100 1# - ASIENTO PRINCIPAL--NOMBRE PERSONAL | |
| Nombre de persona | Blat, Josep |
| 100 1# - ASIENTO PRINCIPAL--NOMBRE PERSONAL | |
| Nombre de persona | García, Rocío |
| 100 1# - ASIENTO PRINCIPAL--NOMBRE PERSONAL | |
| Nombre de persona | Sayago, Sergio |
| 245 13 - MENCIÓN DE TÍTULO | |
| Título | La aportación de IMS Learning Design a la creación de recursos pedagógicos reutilizables |
| Medio | [recurso electrónico en línea] |
| 506 0# - NOTA DE RESTRICCIONES AL ACCESO | |
| Limitaciones de acceso | Acceso abierto |
| 520 3# - NOTA DE RESUMEN, ETC. | |
| Sumario, etc. | En este artículo se discute el concepto y la utilidad del objeto de aprendizaje, proponiendo que el factor clave es su uso, y no tanto sus características. Después, se revisan las actuales especificaciones de eLearning para la definición de estos objetos, indicando sus ventajas y desventajas. La especificación IMS Learning Design (LD) es analizada con más detalle, destacando su contribución al debate de los objetos reutilizables de aprendizaje con referencia a experiencias en la Universitat Pompeu Fabra. Finalmente, se señala la importancia y necesidad de herramientas apropiadas y se indican las iniciativas actuales que potencian la implementación y uso de la especificación IMS-LD. RED |
| 653 0# - TERMINO DE INDIZACION - NO CONTROLADO | |
| Término no controlado | Objetos de aprendizaje |
| 653 0# - TERMINO DE INDIZACION - NO CONTROLADO | |
| Término no controlado | Diseño instruccional |
| 653 0# - TERMINO DE INDIZACION - NO CONTROLADO | |
| Término no controlado | Entornos virtuales de aprendizaje |
| 773 ## - ENLACE AL DOCUMENTO FUENTE/ENTRADA DE REGISTRO ANFITRIÓN | |
| Parte(s) relacionada(s) | No. 50 (2016), p. 1-11 |
| Título | RED : revista de educación a distancia |
| Número Internacional Normalizado para Publicaciones Seriadas | 1578-7680 |
| 856 4# - LOCALIZACIÓN Y ACCESO ELECTRÓNICOS | |
| Identificador Uniforme del Recurso | <a href="http://www.um.es/ead/red/50/griffiths_et_al.pdf">http://www.um.es/ead/red/50/griffiths_et_al.pdf</a> |
| 902 ## - ELEMENTOS DE DATOS B LOCAL, LDB (RLIN) | |
| Modificó | Leonor Sotres/090224 |
| 905 ## - TIPO DE MATERIAL | |
| Tipo de material | Articulo |
| 942 ## - ELEMENTOS DE PUNTO DE ACCESO ADICIONAL (KOHA) | |
| Tipo de ítem Koha | Artículo Electrónico |
| Estado de retiro | Estado de pérdida | Estado dañado | No para préstamo | Código de colección | Localización permanente | Ubicación/localización actual | Ubicación en estantería | Fecha de adquisición | Total de préstamos | Fecha visto por última vez | Identificador Uniforme del Recurso | Precio válido a partir de | Tipo de ítem Koha |
|---|---|---|---|---|---|---|---|---|---|---|---|---|---|
| Acceso abierto | Bib. Gregorio Torres Quintero | Bib. Gregorio Torres Quintero | En línea | 09/02/2024 | 09/02/2024 | http://www.um.es/ead/red/50/griffiths_et_al.pdf | 09/02/2024 | Artículo Electrónico |
